|
|
|
|
| LEADER |
00000cam a2200000 a 4500 |
| 001 |
vtls010270681 |
| 003 |
SK-MaSNL |
| 005 |
20260301084411.0 |
| 008 |
240314s2010 xo l f 00000 slo |
| 015 |
|
|
|a SNBA2011/06-03463
|
| 020 |
|
|
|a 9788089426072
|q (brož.)
|
| 035 |
|
|
|a F90B8E90-F9CA-4C7F-B2CA-FC0F3501A566
|
| 035 |
|
|
|a urn:nbn:sk:snk-amjhjy
|
| 035 |
|
|
|a urn:nbn:sk:snk-am001y2f
|
| 040 |
|
|
|a SNK
|b slo
|c SNK
|e AACR2
|
| 041 |
|
|
|a slo
|
| 043 |
|
|
|a e-xo---
|
| 044 |
|
|
|a xo
|c SK
|
| 072 |
|
7 |
|a 638
|x Včelárstvo
|2 konspekt
|
| 080 |
|
|
|a 638.1(091)
|2 2001
|
| 080 |
|
|
|a (437.6)
|2 1981
|
| 080 |
|
|
|a (048.8)
|2 1981
|
| 100 |
1 |
|
|a Janeček, Jozef
|4 aut
|9 412751
|
| 245 |
1 |
0 |
|a Kežmarské včelárstvo 1865-2010 v spišských a slovenských súvislostiach
|c Jozef Janeček
|
| 260 |
|
|
|a Kežmarok
|b Jadro
|c 2010
|
| 300 |
|
|
|a 55 s.
|b tab.
|c 21 cm
|
| 504 |
|
|
|a Bibliogr. odkazy
|
| 648 |
|
7 |
|a 1865-2010
|2 SNKPH
|9 412752
|
| 650 |
0 |
7 |
|a dejiny včelárstva
|2 SNKPH
|9 135630
|
| 650 |
0 |
7 |
|a History of beekeeping
|2 SNKPHeng
|9 372143
|
| 651 |
|
7 |
|a Kežmarok (Slovensko)
|2 SNKPH
|9 26808
|
| 651 |
|
7 |
|a Spiš (Slovensko : región)
|2 SNKPH
|9 17692
|
| 651 |
|
7 |
|a Kežmarok (Slovakia)
|2 SNKPHeng
|9 324121
|
| 651 |
|
7 |
|a Spiš (Slovakia : region)
|2 SNKPHeng
|9 172605
|
| 655 |
|
7 |
|a prehľady
|2 SNKPH
|9 70194
|
| 655 |
|
7 |
|a Surveys
|2 SNKPHeng
|9 266058
|
| 852 |
|
|
|a Štátna vedecká knižnica v Banskej Bystrici
|
| 919 |
|
|
|a 978-80-89426-07-2
|
| 958 |
|
|
|a OND
|
| 958 |
|
|
|a NB
|
| 968 |
|
|
|d 63
|
| 999 |
|
|
|c 663313
|d 665243
|
| 952 |
|
|
|a SNK
|b SNK
|y PREZ
|7 0
|p 17A0696992
|o snkSC 145062
|i snk2011/9125
|8 0
|0 0
|1 0
|4 0
|d 2011-04-19
|l 0
|r 2025-07-14 00:00:00
|w 2026-02-23
|
| 952 |
|
|
|a SNK
|b SNK
|y VYP
|7 0
|p 17A0696993
|o snkSC 145062 D1
|i snk2011/9126
|8 0
|0 0
|1 0
|4 0
|d 2011-04-19
|l 0
|r 2026-02-23 19:00:19
|w 2026-02-23
|